01526cam a22003857a 4500003000500000005001700005008004100022010000800063011000900071035000800080040000900088090001000097100004200107245011100149260004000260300001000300500001000310502007500320590003700395590004100432590004100473590004100514590004200555650003700597650005000634650004100684650004900725901000700774942000900781949004000790949004500830999001300875952012500888952012701013CHAP20220329132954.0971013s1989 r 00010 d a819 a1791 a968 cCHAP aTesis00aLópez Gómez, José Lauro.967942 0aEvaluación técnico-económica de una explotación ganadera de doble propósito en el trópico seco aChapingo, Méx. :bEl autor,c1989 a56 h. a39-43 aTesis (Ing. Agr. Esp. en Zootecnia) -- UACH. Departamento de Zootecnia aALEPHb10c20130110lUCH01h1206 aBATCH-UPDb10c20130110lUCH01h1228 aBATCH-UPDb10c20130410lUCH01h0800 aBATCH-UPDb10c20130914lUCH01h1515 aCONVERSIONb10c20130109lUCH01h1302 4aGanado vacunoxCría de.94545114aGanado lecheroxAspectos económicos.94524314aGanado lecheroxProducción.94528814aGanado vacunoxAspectos económicos.945436 aBK cFOLL bBCcTESd-10429eTS1h23076i968si bBCcTESd-69466eTS2fc.2h23077i968si c819d819 00102local4053708TESISaBCbBCcPA_TESISd2019-12-31fTESISl0p-69466r2019-12-31 00:00:00tc.2w2019-12-31yTESIS 00102local4051708TESISaBCbBCcPA_TESISd2019-12-31fTESISl0oTesisp-10429r2019-12-31 00:00:00w2019-12-31yTESIS